Quizzes
Events
Quiz Creation
Community
Videos
Private Events
Remove Ads
Sign In
Join for FREE
Feedback
Dark Mode
Quiz Categories
Sports
Geography
Music
Movies
Television
Just For Fun
Miscellaneous
History
Literature
Language
Science
Gaming
Entertainment
Religion
Holiday
For Kids
Quiz Lab
Recent
Popular Today
Quiz Kudos Today
Editor Picks
Curator Picks
Quizzes by...
Day
Popularity
Type
Ratings
Length
Year
Community
Subscriptions
Recent Discussions
Orange Saloon
Badges
Playlists
Quests
Create
Leaderboards
Showdown
Live 5
Trivia Bingo
Activity
Puzzle Library
Sporcle Events
Private Events
Virtual Trivia
Globe League
Become a Host
Pub Owners
SporcleCon
Opinionation
Our Games
Videos
Blog
Mobile Apps
Partnerships
Remove Ads and Go Orange
Feedback
Literature
Harry Potter
A Song of Ice and Fire
The Hunger Games
Literary Character
Shakespeare
Book
Author
Novel
Poem
Young Adult
Children's Books
Play
Lord of the Rings
Literature
Harry Potter
A Song of Ice and Fire
The Hunger Games
Literary Character
Shakespeare
Book
Author
Novel
Poem
Young Adult
Children's Books
Play
Lord of the Rings
Random Quiz
Search Sporcle
×
Quiz Lab
Quiz Lab
Literature
Young Adult
Type in answers that appear in a list
Type in answers that appear in a list
Classic
Best Score? Go Orange.
Pretty Little Liars Character Profile: Emily Stats
Can you name the answers to this quiz about Emily?
By
BeautifulChaos
8m
18 Questions
489 Plays
489 Plays
489 Plays
Comments
Comments
Give Quiz Kudos
Give Quiz Kudos
-
- Ratings
hide this ad
Replay
Link that replays current quiz
Next Quiz
Link to next quiz in quiz playlist
You Got
0%
They Got
Avg Score
46%
Avg Friend Score
Upgrade to see
Score Distribution
Jump to the score distribution portion of the page
Score
0/18
Timer
08:00
0
Plays Today
Hint
Answer
% Correct
1. Emily _
_
_
_
_
_
Fields
94.5%
3. Sport Emily's involved in
Swimming
91.2%
5. Emilly's first girlfriend
Maya St. Germain
90.4%
7. The first girl she kissed
Alison DiLaurentis
83%
4. Emily's first boyfriend
Ben
80.6%
15. True or False. Emily broke into the police station to look at their files.
True
65.8%
2. Emily has _
_
_
_
sibling(s) (spell out number)
Three
63.8%
6. Emily has strawberry blonde hair tinted green from _
_
_
_
_
Chlorine
46.8%
13. Who she went to Foxy with
Toby Cavanaugh
35.4%
Hint
Answer
% Correct
12. State her mother sent her to live after she found out she kissed a girl
Iowa
31.1%
11. Nickname given to her by (answer #7)
Killer
28%
8. Where did she kiss (answer #7)?
Treehouse
27.4%
9. Whom Emily lost her virginity to
Isaac
25.8%
14. What type of community did 'A' send her to?
Amish
20.7%
16. Who was the girl she met while in (answer #11)?
Trista
15.7%
17. Program she was sent to that was supposed to 'un-
gay' her
Tree Tops
14.5%
10. Church where she met (answer #9)
Holy Trinity Church
13.3%
18. Emily's old best friend in sixth grade G_
_
_
_
_
C_
_
_
_
_
Gemma Curran
8.6%
Quiz Playlist
Details
Report
Send in Message
Add To Playlist
Classic:
Type in answers that appear in a list
Last Updated: Feb 16, 2017
Quiz Scoreboard
CHALLENGE
Sign Up to Join the Scoreboard
Show All
Scores
Hide
Comments
May contain spoilers
Recently Published
Movies - When Are They Set?
by FPL_Elf
Movies
5m
Popular People in 1961
by mucciniale
History
6m
1-10 Letter E Words III
by El_Dandy
Language
2m
More to Explore
Quiz From the Vault
Featured Blog Post
Where Did the Easter Bunny Come From?
hide this ad
You Might Also Like...
Tags
Young Adult Quiz
Character
Emily
liar
little
Pretty
profile
Today's Top Quizzes in Literature
Browse Literature
hide this ad
Today's Top Quizzes in Young Adult
Browse Young Adult
Top Contributed Quizzes in Literature
1
Sneaky Slytherin Logic Puzzle
2
One Thing in Common: Literature
3
Get The Picture: Black or White Literature
4
Weasley Family Reunion: Logic Puzzle
5
One Thing in Common: Literature II
6
Harry Potter Neighbourly Logic Puzzle #5
7
Lily Potter Start to Finish
8
One Thing in Common: Literature 3
9
One Thing in Common: Books
10
ASOIAF Logic Puzzle [Difficult] [Read Note first!!]
Explore More
Trending Topics
Harry Potter
Crossword
Kpop
Disney
Anime
Marvel
NBA
Song
The Office
Soccer
WWE
Pokémon
NFL
Puzzle
Country
hide this ad
More By:
BeautifulChaos
Quiz
Plays
Rating
Category
Featured
Created
Fashion Trivia Quiz
676
1.50
Miscellaneous
Jun 28, 2011
Pretty Little Liars Character Profile: Hanna
650
Literature
Nov 20, 2011
Young Adult Authors by Characters
620
4.75
Literature
Feb 5, 2014
Pretty Little Liars Character Profile: Aria
541
Literature
Nov 15, 2011
Pretty Little Liars Character Profile: Spencer
534
Literature
Nov 16, 2011
Go to Creator's Profile
Score Distribution
Quiz Creator Spotlight
BeautifulChaos
Follow
Send a Message
Quizzes Created
-
Created Quiz Play Count
-
More By This Creator
Popular Quizzes Today
1
Find the US States - No Outlines Minefield
2
Find the Countries of Europe - No Outlines Minefield
3
The Countries of the World
4
Popular People in 1961
5
1-10 Letter E Words III
6
US States
7
Find the US States
8
One Thing in Common: World Cities II
More Literature Quizzes
Agatha Christie - Mismatched Titles
Quiz Lab
Trending Quizzes
Risky Map Clicking: Least Populous States A-Z
1-10 Letter F Words
1-10 Letter G Words
One Thing in Common: United Kingdom
Risky Map Clicking: Next State Alphabetically
Recently Updated
Leaping Animals
pecheneg
Reality TV Shows (A-Z)
bhenderson79
Rickey Henderson's Hall of Fame Teammates
pecheneg
Champions League XIs: Arsenal
pecheneg
Quick Pick: Celebrities in WWE's Hall of Fame
aduchscher
A-Z Keypad Blitz II
pecheneg
Multiple Oscar Actors
pecheneg
Mystery Phrase Blitz: Oscar 'Best Actors'
pecheneg
F. Scott Fitzgerald Novels
LTH
Pick 3 Villains
ddd62291
Trending Topics
Harry Potter
Marvel
NBA
Kpop
Crossword
Anime
Disney
Song
Puzzle
Soccer
Country
Pokémon
NFL
WWE
The Office
Your Account Isn't Verified!
In order to create a playlist on Sporcle, you need to verify the email address you used during registration. Go to your
Sporcle Settings
to finish the process.
Report this User
Report this user for behavior that violates our
Community Guidelines
.
Details:
Send Report
Go to the Sporcle.com Mobile Site →
Comments